Nanomedicine

Αποθηκεύτηκε σε:
Λεπτομέρειες βιβλιογραφικής εγγραφής
Κύριος συγγραφέας: Freitas, Robert A.
Μορφή: Βιβλίο
Γλώσσα:English
Δημοσίευση: Austin, TX : Landes Bioscience, c2001
Θέματα:
Ετικέτες: Προσθήκη ετικέτας
Δεν υπάρχουν, Καταχωρήστε ετικέτα πρώτοι!

MARC

LEADER 00000nam a2200000 i 4500
001 1/81638
008 080410s2003 eng d
020 |a 1-57059-700-6 (τ. IIa) 
035 |l 10096501 
040 |a GR-MY-UA  |b gre  |e aacr 
041 0 |a eng 
082 0 |a 610.28  |2 (22) 
100 1 |a Freitas, Robert A. 
245 1 0 |a Nanomedicine /  |c Robert A. Freitas 
260 |a Austin, TX :   |b Landes Bioscience,   |c c2001 
300 |a 4 τ.;  |b εικ.;  |c 28 εκ. 
500 |a Το παράρτημα Σύρου έχει τον τομ. IIa 
500 |a 4 τόμ. σε δύο 
504 |a T. IIa: Βιβλιογραφία: σ. [199]-319. Ευρετήριο 
505 0 |a T. ΙΙa: Biocompatibility 
650 0 0 |a Medical technology. 
650 0 0 |a Nanotechnology. 
650 0 0 |a Medical innovations. 
650 0 0 |a Biomedical engineering. 
740 0 2 |a Biocompatibility 
852 |a INST  |b SYROS  |e 20080411  |h 610.28 FRE  |p 005500006148  |q 005500006148  |t BK  |y 0 
901 |a BIBL5-2008-1 
909 |a Ε  |b 145788 
922 |a 5ΕΛΗ  |b 200802  |c ΕΠΕΑΕΚ2/ΤΜΣΠΣ  |d ΠΑΠΑΣΩΤΗΡΙΟΥ 
970 |a ΚΟΝΤΟΥ  |b ΠΑΡΑΣΚΕΥΗ  |z 2008/04/10